Simply happy : (Record no. 22895)
[ view plain ]
| 000 -LEADER | |
|---|---|
| fixed length control field | 00714nam a22002057a 4500 |
| 005 - DATE AND TIME OF LATEST TRANSACTION | |
| control field | 20241115164919.0 |
| 008 - FIXED-LENGTH DATA ELEMENTS--GENERAL INFORMATION | |
| fixed length control field | 241024b |||||||| |||| 00| 0 eng d |
| 020 ## - INTERNATIONAL STANDARD BOOK NUMBER | |
| International Standard Book Number | 9781611599497 |
| 082 ## - DEWEY DECIMAL CLASSIFICATION NUMBER | |
| Classification number | DC 158 N469 2016 |
| 100 ## - MAIN ENTRY--PERSONAL NAME | |
| Personal name | Newmark, Amy. |
| 9 (RLIN) | 63431 |
| 245 ## - TITLE STATEMENT | |
| Title | Simply happy : |
| Remainder of title | a crash course in chicken soup for the soul advice and wisdom / |
| Statement of responsibility, etc. | Amy Newmark. |
| 260 ## - PUBLICATION, DISTRIBUTION, ETC. (IMPRINT) | |
| Place of publication, distribution, etc. | Cos Cob, CT : |
| Name of publisher, distributor, etc. | Chicken Soupfor the Soul, LLC, |
| Date of publication, distribution, etc. | ©2016. |
| 300 ## - PHYSICAL DESCRIPTION | |
| Extent | ix, 260 pages : |
| Other physical details | illustrations ; |
| Dimensions | 21 cm. |
| 650 #0 - SUBJECT ADDED ENTRY--TOPICAL TERM | |
| Topical term or geographic name as entry element | Chicken soup for the soul. |
| 9 (RLIN) | 64192 |
| 650 #0 - SUBJECT ADDED ENTRY--TOPICAL TERM | |
| Topical term or geographic name as entry element | Happiness. |
| 9 (RLIN) | 64193 |
| 650 #0 - SUBJECT ADDED ENTRY--TOPICAL TERM | |
| Topical term or geographic name as entry element | Attitude (Psychology). |
| 9 (RLIN) | 64194 |
| 650 #0 - SUBJECT ADDED ENTRY--TOPICAL TERM | |
| Topical term or geographic name as entry element | Conduct of life. |
| 9 (RLIN) | 64195 |
| 650 #0 - SUBJECT ADDED ENTRY--TOPICAL TERM | |
| Topical term or geographic name as entry element | Self-help techniques. |
| 9 (RLIN) | 64196 |
| 942 ## - ADDED ENTRY ELEMENTS (KOHA) | |
| Source of classification or shelving scheme | Dewey Decimal Classification |
| Koha item type | Circulation |
| Withdrawn status | Lost status | Source of classification or shelving scheme | Damaged status | Not for loan | Collection code | Home library | Current library | Date acquired | Source of acquisition | Cost, normal purchase price | Total Checkouts | Full call number | Barcode | Date last seen | Price effective from | Koha item type |
|---|---|---|---|---|---|---|---|---|---|---|---|---|---|---|---|---|
| Dewey Decimal Classification | Circulation | UM Digos College - LIC | UM Digos College - LIC | 08/20/2024 | Purchased | 1450.00 | DC 158 N469 2016 | 28555 | 05/15/2025 | 10/24/2024 | Circulation |
